000 00548nam a2200205Ia 4500
003 GCL
008 140319s9999 xx 000 0 ara d
040 _aGCL /
_cGCL
082 0 4 _aط
_b813.02
_bى خ
100 1 _aحلمى التونى
245 1 0 _aخبز الصغار /
_cحلمى التونى
700 1 _aيوسف ابو رية
300 _a24 ص
490 _aكتب الشمس
_v0
650 0 4 _aالاطفال
650 0 4 _aقصص الاطفال
650 0 4 _aادب الاطفال
650 0 4 _aالاقصوصة
942 _2ddc
_cBK
999 _c51285
_d51285